Catalogue de livres de littérature d'histoire et d'archéologie composant la bibliothèque de feu Mr Guigniaut commandeur de la légion d'honneur etc. : (Record no. 27268)

MARC details
000 -LEADER
campo de control de longitud fija 00666nam a2200157 i 4500
001 - NÚMERO DE CONTROL
campo de control 27268
003 - IDENTIFICADOR DE NÚMERO DE CONTROL
campo de control ES-MaACL
005 - FECHA Y HORA DE LA ÚLTIMA TRANSACCIÓN
campo de control 20230906153604.0
007 - CAMPO FIJO DE DESCRIPCIÓN FÍSICA--INFORMACIÓN GENERAL
campo de control de longitud fija t|
008 - DATOS DE LONGITUD FIJA--INFORMACIÓN GENERAL
campo de control de longitud fija 160426s1876 fr ||||1| fre d
245 00 - MENCIÓN DEL TÍTULO
Título Catalogue de livres de littérature d'histoire et d'archéologie composant la bibliothèque de feu Mr Guigniaut commandeur de la légion d'honneur etc. :
Resto del título dont la vente aura lieu de lundi 9 Oct. 1876 et les 5 jours suivants etc.
260 ## - PUBLICACIÓN, DISTRIBUCIÓN, ETC.
Lugar de publicación, distribución, etc. Paris :
Nombre del editor, distribuidor, etc. Adolphe Labitte,
Fecha de publicación, distribución, etc. 1876.
300 ## - DESCRIPCIÓN FÍSICA
Extensión 84 p. ;
Dimensiones 23 cm.
650 04 - PUNTO DE ACCESO ADICIONAL DE MATERIA--TÉRMINO DE MATERIA
Término de materia o nombre geográfico como elemento de entrada Libros-
Subdivisión de forma Catálogos de subastas.
9 (RLIN) 14429
852 ## - LOCALIZACIÓN
Ubicación ES-MaACL
Número de control de estantería T-206-F-6
Nota libre Enc. en un vol. facticio falto de la cub. original
Holdings
Estatus retirado Estado de pérdida Estado de daño No para préstamo Colección Biblioteca de origen Biblioteca actual Ubicación en estantería Fecha de adquisición Fuente de adquisición Total de préstamos Signatura topográfica completa Código de barras Visto por última vez Precio de reemplazo Tipo de ítem Koha
        Colección de folletos Biblioteca del Ateneo de Madrid Biblioteca del Ateneo de Madrid Depósito folletos 26/04/2016     T-206-F-6 1195165 23/02/2023 23/02/2023 Folleto